Enterprise-Size Heterogeneity in AI Adoption Across European Economies: A Hierarchical Clustering Approach

Táto štúdia skúma heterogenitu medzi jednotlivými krajinami a veľkosťami firiem v šírení technológií umelej inteligencie (AI) medzi európskymi podnikmi. Na základe harmonizovaného súboru údajov pokrývajúceho 31 ekonomík analyzujeme miery prijatia špecifické pre veľkosť podnikov (malé, stredné, veľké...

Ausführliche Beschreibung

Gespeichert in:
Bibliographische Detailangaben
1. Verfasser: Štetka, Peter, 1986-
Weitere Verfasser: Grisáková, Nora, 1978-
Format: Buchkapitel
Sprache:Englisch
Schlagworte:
Tags: Tag hinzufügen
Keine Tags, Fügen Sie das erste Tag hinzu!

MARC

LEADER 00000naa$a2200000$$$4500
001 0311485
005 20250708103023.4
041 0 |a eng 
044 |a SK 
245 1 0 |a Enterprise-Size Heterogeneity in AI Adoption Across European Economies: A Hierarchical Clustering Approach  |c Peter Štetka, Nora Grisáková 
520 |a Táto štúdia skúma heterogenitu medzi jednotlivými krajinami a veľkosťami firiem v šírení technológií umelej inteligencie (AI) medzi európskymi podnikmi. Na základe harmonizovaného súboru údajov pokrývajúceho 31 ekonomík analyzujeme miery prijatia špecifické pre veľkosť podnikov (malé, stredné, veľké firmy) s cieľom (i) zdokumentovať prevládajúce distribučné vzorce, (ii) posúdiť lineárne spoločné pohyby medzi veľkostnými triedami a (iii) odhaliť latentné typológie krajín prostredníctvom hierarchickej segmentácie. 
610 2 0 |a inteligencia umelá 
610 2 0 |a technológie nové 
610 2 0 |a technológie inteligentné 
610 2 0 |a podnik 
610 2 0 |a ekonomika 
610 2 0 |a ekonomika digitálna 
100 1 |a Štetka, Peter, 1986- 
700 1 |a Grisáková, Nora, 1978-